000 00306nam a22001337a 4500
008 210224b ||||| |||| 00| 0 eng d
020 _a039535756X
041 _aeng
080 _25th
_a159.9
100 _a48
101 _aPSI
245 _aPsychology Applied To Teaching
_cBiehler, F.R
942 _2udc
_cBK
999 _c55147
_d55147